000 00921nam a2200325 i 4500
003 EG-GICUC
005 20260121222200.0
008 260121s1932 sz ||||fr|||| 000 0 eng d
020 _a
040 _aEG-GiCUC
_beng
_cEG-GiCUC
_dEG-GiCUC
_eRda
082 0 4 _221
_a338.9
_bRE
092 0 4 _221
099 _aLaw1 13 338.9 RE 1932
245 1 0 _aReview of World Production /
_b
_cLeague of Nations.
250 _a
264 1 _aGeneva :
_bLeague of Nations,
_c1932.
300 _a159page :
_billustration ;
_c 24 cm.
336 _2rda contenu
_a texte
337 _2rda medias
_aOrdinateur
338 _2 transporteur rda
_a Ressource en ligne
490 _a
500 _a
504 _a
546 _aText in English
650 1 4 _aPublic finance and tax legislation
_2
651 1 _2
856 4 0 _uhttps://fll.law.cu.edu.eg/fulltext/bks/B13-07031.pdf
905 _a50
942 _2ddc
_cBK
_e21
_n0
999 _c58567
_d58567